| 000 | 00457nam a2200181 a 4500 | ||
|---|---|---|---|
| 001 | 1770284920359 | ||
| 003 | YourLibrary | ||
| 005 | 20260205152337.0 | ||
| 008 | 260205s2003##################000#0#eng## | ||
| 020 | _a9780471268703 | ||
| 082 | 0 | 4 |
_a332.6 _bTRO |
| 100 | 1 |
_aTroup, Jim, _eauthor. |
|
| 245 | 1 | 0 | _aDivorcing the Dow : |
| 260 |
_bWiley, _c2003. |
||
| 650 | 0 | _aBusiness & Economics. | |
| 942 | _cENGLISH | ||
| 040 |
_aYourLibrary _beng _cYourLibrary |
||
| 999 |
_c610366 _d610366 |
||